Match the Prehistoric Beast to Its Picture - Statistics

General Stats
  • This quiz has been taken 90 times
  • The average score is 14 of 20
Answer Stats
Question Answer % Correct
Wooly Rhino
100%
Tyrannosaurus rex
100%
Wooly Mammoth
100%
Megalodon
100%
Megatherium
86%
Dunkleosteus
86%
Trilobite
86%
Quetzalcoatlus
71%
Velociraptor
71%
Dimetrodon
71%
Brachiosaurus
71%
Therizinosaurus
71%
Triceratops
57%
Archeopteryx
57%
Stegosaurus
57%
Archelon
57%
Dinocheirus
57%
Diplodocus
43%
Mosasaurus
43%
Tully Monster
43%
No matching quizzes found
Score Distribution
Percent of People with Each Score
Percentile by Number Answered
Your Score History
You have not taken this quiz